[Event "Bayern-chTT (RL Nord-Ost)"]
[Site "Bayern 2008/09"]
[Date "2009.01.18"]
[Round "5.2"]
[White "Grabert, Ralf"]
[Black "Roeder, Frank"]
[Result "1/2-1/2"]
[WhiteElo "2192"]
[BlackElo "2153"]
[PlyCount "77"]
[EventDate "2009.03.??"]
[EventType "team-tourn"]
[EventRounds "9"]
[WhiteTeam "Kareth-Lappersdorf 1"]
[BlackTeam "Altensittenbach 1"]

1. e3 d5 2. c4 c6 3. Nc3 e5 4. d4 exd4 5. exd4 Nf6 6. Bg5 Be7 7. Bd3 O-O 8.
Nge2 dxc4 9. Bxc4 Nbd7 10. O-O Nb6 11. Bb3 h6 12. Bh4 Bf5 13. f3 Qd7 14. Bf2
Rad8 15. Ng3 Bg6 16. f4 Ng4 17. f5 Bxf5 18. Nxf5 Qxf5 19. Bg3 Qd7 20. Rf4 Ne3
21. Qf3 Nbd5 22. Re4 Nf5 23. Bf2 Bd6 24. Rd1 Bc7 25. g4 Nd6 26. Re2 Nxc3 27.
bxc3 Rfe8 28. Rde1 Rxe2 29. Rxe2 Re8 30. Rxe8+ Qxe8 31. h3 Qe7 32. d5 Bb6 33.
Bxb6 axb6 34. dxc6 bxc6 35. Qxc6 Qe3+ 36. Kg2 Ne4 37. Qc8+ Kh7 38. Qf5+ Kh8 39.
Qc8+ 1/2-1/2

[Event "Bayern-chTT (RL Nord-Ost)"]
[Site "Bayern 2008/09"]
[Date "2009.01.18"]
[Round "5.3"]
[White "Roeder, Gerd Dr"]
[Black "Appel, Helmut(75)"]
[Result "1/2-1/2"]
[WhiteElo "2209"]
[BlackElo "2161"]
[PlyCount "77"]
[EventDate "2009.03.??"]
[EventType "team-tourn"]
[EventRounds "9"]
[WhiteTeam "Altensittenbach 1"]
[BlackTeam "Kareth-Lappersdorf 1"]

1. e4 e5 2. Nc3 Nf6 3. f4 d5 4. fxe5 Nxe4 5. Nf3 Bc5 6. d4 Bb4 7. Bd2 Nxd2 8.
Qxd2 c5 9. dxc5 Qa5 10. Bb5+ Bd7 11. Bxd7+ Nxd7 12. O-O Qxc5+ 13. Kh1 Bxc3 14.
bxc3 O-O 15. Rad1 Nb6 16. Nd4 Rae8 17. Rde1 Nc4 18. Qg5 Qe7 19. Qg3 Nxe5 20.
Nf5 Qf6 21. Nh4 Qe6 22. Nf5 g6 23. h4 Kh8 24. Nd4 Qg4 25. Kh2 f5 26. Re2 f4 27.
Qh3 f3 28. Ref2 Qf4+ 29. Kg1 Qe3 30. Nxf3 Nxf3+ 31. gxf3 Re4 32. fxe4 Qxh3 33.
Rxf8+ Kg7 34. R8f7+ Kh6 35. exd5 Qg3+ 36. Kh1 Qh3+ 37. Kg1 Qg3+ 38. Kh1 Qh3+
39. Kg1 1/2-1/2

[Event "Bayern-chTT (RL Nord-Ost)"]
[Site "Bayern 2008/09"]
[Date "2009.01.18"]
[Round "5.4"]
[White "Seidl, Juergen Dr(68)"]
[Black "Wallinger, Manfred"]
[Result "1/2-1/2"]
[WhiteElo "2097"]
[BlackElo "2142"]
[PlyCount "81"]
[EventDate "2009.03.??"]
[EventType "team-tourn"]
[EventRounds "9"]
[WhiteTeam "Kareth-Lappersdorf 1"]
[BlackTeam "Altensittenbach 1"]

1. d4 d5 2. c4 c6 3. Nf3 e6 4. Nc3 f5 5. Bf4 Bd6 6. e3 Nf6 7. Bd3 O-O 8. Ne5
Ne4 9. h4 b6 10. Rc1 Bb7 11. g4 Bxe5 12. Bxe5 Nd7 13. Bf4 c5 14. Bxe4 fxe4 15.
cxd5 exd5 16. Nb5 Qf6 17. Nd6 Bc6 18. Nf5 Qe6 19. Kf1 Bb5+ 20. Kg2 h5 21. dxc5
bxc5 22. Qxd5 Qxd5 23. Ne7+ Kf7 24. Nxd5 Be2 25. Kg3 hxg4 26. Rhe1 Bf3 27. Rc3
Rfc8 28. Rec1 a5 29. Rb3 Ra7 30. Nb6 Nxb6 31. Rxb6 Rd7 32. Rd6 Rxd6 33. Bxd6 c4
34. Be5 g6 35. b3 Ke6 36. Bd4 Kd5 37. Rxc4 Rxc4 38. bxc4+ Kxc4 39. Be5 Kd3 40.
a3 a4 41. Bd6 1/2-1/2

[Event "Bayern-chTT (RL Nord-Ost)"]
[Site "Bayern 2008/09"]
[Date "2009.01.18"]
[Round "5.5"]
[White "Auer, Guenther(68)"]
[Black "Strobel, Christian"]
[Result "1/2-1/2"]
[WhiteElo "2017"]
[BlackElo "2092"]
[PlyCount "37"]
[EventDate "2009.03.??"]
[EventType "team-tourn"]
[EventRounds "9"]
[WhiteTeam "Altensittenbach 1"]
[BlackTeam "Kareth-Lappersdorf 1"]

1. c4 e5 2. Nc3 Nc6 3. Nf3 g6 4. g3 Bg7 5. Bg2 d6 6. d3 h6 7. e4 Be6 8. b4 Qd7
9. Rb1 Nge7 10. b5 Nd4 11. Nxd4 exd4 12. Ne2 Bh3 13. Bxh3 Qxh3 14. Nf4 Qd7 15.
O-O O-O 16. Nd5 Rae8 17. Bd2 f5 18. f3 Kh7 19. Nxe7 1/2-1/2

[Event "Bayern-chTT (RL Nord-Ost)"]
[Site "Bayern 2008/09"]
[Date "2009.01.18"]
[Round "5.6"]
[White "Baumer, Andreas"]
[Black "Endres, Christian(90)"]
[Result "1-0"]
[WhiteElo "1908"]
[BlackElo "2002"]
[PlyCount "51"]
[EventDate "2009.03.??"]
[EventType "team-tourn"]
[EventRounds "9"]
[WhiteTeam "Kareth-Lappersdorf 1"]
[BlackTeam "Altensittenbach 1"]

1. c4 c5 2. Nc3 g6 3. g3 Bg7 4. Bg2 e6 5. a3 Nc6 6. Rb1 Qe7 7. d3 Nf6 8. e4 d6
9. Nge2 e5 10. h3 h6 11. b4 b6 12. Bd2 O-O 13. O-O Kh7 14. f4 Nd4 15. bxc5 bxc5
16. fxe5 dxe5 17. Nxd4 cxd4 18. Nd5 Qd8 19. Bb4 Re8 20. Qf3 Nxd5 21. cxd5 f5
22. exf5 gxf5 23. Qh5 Bd7 24. Rxf5 e4 25. Rf7 exd3 26. Rbf1 1-0

[Event "Bayern-chTT (RL Nord-Ost)"]
[Site "Bayern 2008/09"]
[Date "2009.01.18"]
[Round "5.7"]
[White "Ammon, Tobias"]
[Black "Kues, Manuel"]
[Result "1-0"]
[WhiteElo "1945"]
[BlackElo "1836"]
[PlyCount "55"]
[EventDate "2009.03.??"]
[EventType "team-tourn"]
[EventRounds "9"]
[WhiteTeam "Altensittenbach 1"]
[BlackTeam "Kareth-Lappersdorf 1"]

1. e4 c5 2. c3 e6 3. d4 d5 4. exd5 exd5 5. Nf3 Nf6 6. Be2 Bd6 7. O-O O-O 8.
Nbd2 Re8 9. dxc5 Bxc5 10. Nb3 Bb6 11. Bg5 Be6 12. Nbd4 Nbd7 13. h3 a6 14. Re1
Qc7 15. Be3 Ne4 16. Nc2 Ndf6 17. Bd4 Bxh3 18. gxh3 Nxf2 19. Kxf2 Ne4+ 20. Kf1
Bxd4 21. Qxd4 Ng3+ 22. Kf2 Ne4+ 23. Ke3 Rac8 24. Kd3 Qf4 25. Ne3 Nc5+ 26. Kc2
Re4 27. Nxd5 Qf5 28. Bd3 1-0

[Event "Bayern-chTT (RL Nord-Ost)"]
[Site "Bayern 2008/09"]
[Date "2009.01.18"]
[Round "5.8"]
[White "Kappl, Peter"]
[Black "Roesel, Gert"]
[Result "1/2-1/2"]
[WhiteElo "1919"]
[BlackElo "1896"]
[PlyCount "67"]
[EventDate "2009.03.??"]
[EventType "team-tourn"]
[EventRounds "9"]
[WhiteTeam "Kareth-Lappersdorf 1"]
[BlackTeam "Altensittenbach 1"]

1. e4 c5 2. c3 d5 3. exd5 Qxd5 4. d4 Nc6 5. Nf3 Bg4 6. Be2 cxd4 7. cxd4 e6 8.
O-O Nf6 9. Nc3 Qd6 10. Qa4 Qb4 11. Qxb4 Bxb4 12. Be3 O-O 13. Rfd1 Rfd8 14. h3
Bh5 15. g4 Bg6 16. Rac1 Rac8 17. Kg2 a6 18. Nh4 Nd5 19. Nxg6 Nxe3+ 20. fxe3
hxg6 21. Bf3 Be7 22. Na4 Na5 23. Nb6 Rxc1 24. Rxc1 Rb8 25. b3 Bd6 26. Kf2 f6
27. Ke2 Rd8 28. Rc2 Kf7 29. Nc4 Nxc4 30. bxc4 b6 31. Rb2 Rb8 32. Kd3 Ke7 33. a4
Kd7 34. Be4 1/2-1/2

[Event "Bayern-chTT (RL Nord-Ost)"]
[Site "Bayern 2008/09"]
[Date "2009.01.18"]
[Round "5.1"]
[White "Van Ginkel, Pieter"]
[Black "Lutz, Dieter"]
[Result "1-0"]
[WhiteElo "2202"]
[BlackElo "2274"]
[PlyCount "95"]
[EventDate "2009.03.??"]
[EventType "team-tourn"]
[EventRounds "9"]
[WhiteTeam "Nürnberg-SW 1"]
[BlackTeam "Bechhofen 1"]

1. d4 Nf6 2. c4 e6 3. Bg5 Bb4+ 4. Nd2 h6 5. Bh4 O-O 6. Ngf3 d6 7. e3 Nbd7 8.
Bd3 Re8 9. O-O Bxd2 10. Nxd2 Qe7 11. f4 b6 12. Ne4 d5 13. Ng3 Qd6 14. Nh5 dxc4
15. Bxc4 Bb7 16. Nxf6+ Nxf6 17. Bxf6 gxf6 18. f5 exf5 19. Qh5 Bd5 20. Bxd5 Qxd5
21. Rxf5 Qe6 22. Rf3 f5 23. Raf1 Kh8 24. Rxf5 Qxe3+ 25. Kh1 Re6 26. Rxf7 Rg8
27. Qf5 Reg6 28. Qd7 R6g7 29. Rxg7 Rxg7 30. Rf8+ Rg8 31. Rxg8+ Kxg8 32. Qc8+
Kf7 33. Qxc7+ Kf8 34. Qb8+ Kf7 35. Qxa7+ Ke8 36. Qb8+ Kd7 37. Qb7+ Kd6 38.
Qxb6+ Kd7 39. Qb5+ Kd8 40. Qa5+ Kd7 41. Qd5+ Kc8 42. Qc6+ Kd8 43. Qd6+ Kc8 44.
h3 Qc1+ 45. Kh2 Qxb2 46. a4 Qa1 47. a5 h5 48. a6 1-0

[Event "Bayern-chTT (RL Nord-Ost)"]
[Site "Bayern 2008/09"]
[Date "2009.01.18"]
[Round "5.2"]
[White "Alsheimer, Christoph"]
[Black "Saathoff, Richard"]
[Result "0-1"]
[WhiteElo "2224"]
[BlackElo "2105"]
[PlyCount "82"]
[EventDate "2009.03.??"]
[EventType "team-tourn"]
[EventRounds "9"]
[WhiteTeam "Bechhofen 1"]
[BlackTeam "Nürnberg-SW 1"]

1. d4 Nf6 2. Nf3 g6 3. Nc3 d5 4. Bf4 Bg7 5. e3 O-O 6. Be2 Nh5 7. Bg5 Nf6 8. Ne5
Be6 9. h4 h6 10. Bf4 Ne4 11. Nxe4 dxe4 12. c3 Nd7 13. Nxd7 Qxd7 14. Qc2 f5 15.
O-O-O Bf7 16. f3 exf3 17. gxf3 b5 18. Rhg1 Qd5 19. b3 c5 20. e4 fxe4 21. fxe4
Qc6 22. d5 Qf6 23. Rdf1 c4 24. e5 Qb6 25. e6 Be8 26. Rg3 Qc5 27. b4 Qxd5 28.
Bf3 Qxe6 29. Bxa8 Rxf4 30. Rd1 Qf6 31. Bd5+ e6 32. Re3 Bf7 33. Bc6 a6 34. a4 h5
35. axb5 axb5 36. Qa2 Rf2 37. Qa8+ Kh7 38. Kb1 Bh6 39. Rg3 Rf1 40. Bf3 Qxc3 41.
Rxf1 Qb3+ 0-1

[Event "Bayern-chTT (RL Nord-Ost)"]
[Site "Bayern 2008/09"]
[Date "2009.01.18"]
[Round "5.3"]
[White "Stiller, Juergen"]
[Black "Kurz, Christian"]
[Result "1/2-1/2"]
[WhiteElo "2158"]
[BlackElo "2074"]
[PlyCount "85"]
[EventDate "2009.03.??"]
[EventType "team-tourn"]
[EventRounds "9"]
[WhiteTeam "Nürnberg-SW 1"]
[BlackTeam "Bechhofen 1"]

1. d4 Nf6 2. Bg5 d5 3. Nd2 Nc6 4. Bxf6 exf6 5. e3 Bf5 6. a3 Be7 7. c4 O-O 8.
Ngf3 dxc4 9. Bxc4 Na5 10. Be2 b6 11. b4 Nb7 12. O-O c5 13. dxc5 bxc5 14. b5 Qc7
15. Nc4 Nd6 16. a4 Nxc4 17. Bxc4 Be4 18. Nd2 Bb7 19. a5 Rad8 20. Qe2 Bd6 21. h3
f5 22. Rfd1 Rfe8 23. Ra3 f4 24. a6 Ba8 25. Nf3 fxe3 26. Rxe3 Rxe3 27. fxe3 Qe7
28. Kf1 Bc7 29. Rxd8+ Qxd8 30. Qd3 Bxf3 31. Qxd8+ Bxd8 32. gxf3 Kf8 33. Ke2 Ke7
34. Kd3 f5 35. Bg8 h6 36. Kc4 Kd6 37. h4 Ke5 38. h5 Bb6 39. Bh7 Ba5 40. Bg8 Bb6
41. Bh7 Ba5 42. e4 fxe4 43. fxe4 1/2-1/2

[Event "Bayern-chTT (RL Nord-Ost)"]
[Site "Bayern 2008/09"]
[Date "2009.01.18"]
[Round "5.4"]
[White "Ponnath, Lorenz"]
[Black "Eiber, Manfred"]
[Result "1/2-1/2"]
[WhiteElo "1967"]
[BlackElo "2122"]
[PlyCount "82"]
[EventDate "2009.03.??"]
[EventType "team-tourn"]
[EventRounds "9"]
[WhiteTeam "Bechhofen 1"]
[BlackTeam "Nürnberg-SW 1"]

1. e4 Nc6 2. d4 e5 3. Nf3 exd4 4. Bc4 d6 5. c3 d3 6. O-O Be7 7. Qb3 Na5 8. Qa4+
c6 9. Bxd3 b5 10. Qc2 Nb7 11. a4 Nc5 12. axb5 Nxd3 13. Qxd3 cxb5 14. e5 a6 15.
Re1 dxe5 16. Qe4 Be6 17. Nxe5 Qd5 18. Qe2 Nf6 19. c4 bxc4 20. Nc3 Qb7 21. Nxc4
O-O 22. Na5 Qc7 23. Ra4 Bd6 24. Bg5 Bd7 25. Bxf6 Rae8 26. Re4 Qxa5 27. Bd4 Bc6
28. Qg4 g6 29. R4e3 Rxe3 30. fxe3 Re8 31. Rf1 Qc7 32. Rc1 Qb7 33. Ne2 Be4 34.
Ng3 Bf8 35. Nh5 f5 36. Nf6+ Kf7 37. Qh4 h5 38. Nxe8 Kxe8 39. Qf6 f4 40. Qe5+
Be7 41. Rc7 Qb4 1/2-1/2

[Event "Bayern-chTT (RL Nord-Ost)"]
[Site "Bayern 2008/09"]
[Date "2009.01.18"]
[Round "5.5"]
[White "Bunk, Karsten"]
[Black "Boese, Klaus(63)"]
[Result "1-0"]
[WhiteElo "2010"]
[BlackElo "1953"]
[PlyCount "59"]
[EventDate "2009.03.??"]
[EventType "team-tourn"]
[EventRounds "9"]
[WhiteTeam "Nürnberg-SW 1"]
[BlackTeam "Bechhofen 1"]

1. e4 g6 2. d4 d6 3. Nc3 Bg7 4. Be3 Nf6 5. h3 e6 6. Qd2 Qe7 7. O-O-O Bd7 8. Nf3
h6 9. g4 a6 10. g5 hxg5 11. Bxg5 Qf8 12. Bg2 Nh5 13. Nh2 Bh6 14. Ng4 Bxg5 15.
Qxg5 Qe7 16. Qd2 Nc6 17. d5 Na7 18. e5 O-O-O 19. exd6 Qxd6 20. Kb1 Qf4 21. Qe1
Nb5 22. Ne2 Qg5 23. Qb4 f5 24. f4 Qh4 25. a4 Na7 26. Ne5 Qf2 27. dxe6 Qxg2 28.
exd7+ Rxd7 29. Nxd7 Qxe2 30. Qd4 1-0

[Event "Bayern-chTT (RL Nord-Ost)"]
[Site "Bayern 2008/09"]
[Date "2009.01.18"]
[Round "5.6"]
[White "Kaiser, Harald(66)"]
[Black "Meulner, Klaus"]
[Result "0-1"]
[WhiteElo "1978"]
[BlackElo "2069"]
[PlyCount "108"]
[EventDate "2009.03.??"]
[EventType "team-tourn"]
[EventRounds "9"]
[WhiteTeam "Bechhofen 1"]
[BlackTeam "Nürnberg-SW 1"]

1. e4 c6 2. d4 d5 3. exd5 cxd5 4. c4 Nf6 5. Nc3 Nc6 6. Bg5 e6 7. Nf3 Be7 8. a3
O-O 9. Bd3 dxc4 10. Bxc4 a6 11. O-O b5 12. Ba2 Bb7 13. Qd3 b4 14. Ne2 e5 15.
Bxf6 Bxf6 16. Bb1 g6 17. dxe5 Nxe5 18. Nxe5 Bxe5 19. axb4 Qh4 20. f4 Bxb2 21.
Ra2 Qg4 22. Ng3 Rad8 23. Qc2 Bd4+ 24. Kh1 Rfe8 25. Qd1 Qh4 26. Re2 Re3 27. Qe1
Bc3 28. Qf2 Rxe2 29. Qxe2 Bxb4 30. Be4 Bxe4 31. Qxe4 Qe7 32. Qc4 a5 33. f5 Qd7
34. fxg6 hxg6 35. Ne4 Be7 36. Nf6+ Bxf6 37. Rxf6 Qd4 38. Qxd4 Rxd4 39. Kg1 Rd2
40. Ra6 Ra2 41. h3 Kg7 42. Kh2 Ra3 43. Kg1 g5 44. Kf2 f6 45. Ke2 Kg6 46. Kf2
Kf5 47. Ke2 Ke5 48. Kf2 f5 49. Ra8 Kf4 50. Rc8 Ra2+ 51. Kf1 a4 52. Rc4+ Kg3 53.
Rc3+ Kh2 54. Rc5 a3 0-1

[Event "Bayern-chTT (RL Nord-Ost)"]
[Site "Bayern 2008/09"]
[Date "2009.01.18"]
[Round "5.7"]
[White "Redzepovic, Irfan"]
[Black "Wind, Patrick"]
[Result "1-0"]
[WhiteElo "2076"]
[BlackElo "1907"]
[PlyCount "99"]
[EventDate "2009.03.??"]
[EventType "team-tourn"]
[EventRounds "9"]
[WhiteTeam "Nürnberg-SW 1"]
[BlackTeam "Bechhofen 1"]

1. d4 Nf6 2. Nf3 e6 3. c4 Bb4+ 4. Bd2 Qe7 5. g3 Nc6 6. Bg2 Bxd2+ 7. Nbxd2 d6 8.
Nf1 O-O 9. Ne3 e5 10. d5 Nb8 11. Nh4 g6 12. h3 Nh5 13. Bf3 Ng7 14. Bg2 f5 15.
Nf3 a5 16. Qd2 Nd7 17. O-O-O Nc5 18. g4 f4 19. Nf1 Bd7 20. Qc2 b5 21. N1d2 bxc4
22. Nxc4 a4 23. Nfd2 Rab8 24. Be4 Nxe4 25. Qxe4 Rb4 26. a3 Rb5 27. Nb1 Rfb8 28.
Nc3 Rc5 29. Qd3 Bb5 30. Nxb5 Rbxb5 31. Kb1 Rxd5 32. Qc2 Rxd1+ 33. Rxd1 Rb3 34.
e3 fxe3 35. Nxe3 Ne6 36. Qc4 Qd7 37. Nd5 Kg7 38. Nc3 Nc5 39. Qxc5 Qf7 40. Qe3
Qc4 41. g5 Qe6 42. h4 Qf5+ 43. Ka1 Qg4 44. Qe4 Qh3 45. Qxa4 Rb7 46. Nd5 c5 47.
Nf6 Qe6 48. Rxd6 Qh3 49. Rd7+ Kf8 50. Qa8+ 1-0

[Event "Bayern-chTT (RL Nord-Ost)"]
[Site "Bayern 2008/09"]
[Date "2009.01.18"]
[Round "5.8"]
[White "Sandner, Andreas(88)"]
[Black "Konsek, Peter"]
[Result "1/2-1/2"]
[WhiteElo "1760"]
[BlackElo "1993"]
[PlyCount "139"]
[EventDate "2009.03.??"]
[EventType "team-tourn"]
[EventRounds "9"]
[WhiteTeam "Bechhofen 1"]
[BlackTeam "Nürnberg-SW 1"]

1. e4 d5 2. exd5 Qxd5 3. Nc3 Qa5 4. d4 Nf6 5. Bc4 Bg4 6. f3 Bf5 7. Bd2 Qb6 8.
Qe2 c6 9. O-O-O e6 10. g4 Bg6 11. h4 h6 12. d5 cxd5 13. Nxd5 Nxd5 14. Bxd5 Nd7
15. Bc3 O-O-O 16. Bc4 Rg8 17. f4 Qc6 18. Rh3 Bc5 19. Nf3 Qe4 20. Qxe4 Bxe4 21.
Re1 Bc6 22. Nd4 Bd6 23. Bd2 Nb6 24. Nxc6 bxc6 25. Ba6+ Kc7 26. Rc3 Nd5 27. Rc4
Nb6 28. Rc3 Bb4 29. Rd3 Bc5 30. Re4 Rd5 31. Rxd5 exd5 32. Re2 Kd6 33. f5 Kd7
34. Bd3 Bd4 35. g5 hxg5 36. hxg5 Rh8 37. c3 Bc5 38. Bf4 Rh4 39. Be5 Rg4 40. f6
Rg1+ 41. Kc2 g6 42. Bf4 Rg4 43. Bd2 Bd6 44. b3 Rh4 45. Rf2 Rh2 46. Re2 Rxe2 47.
Bxe2 Bg3 48. Kd3 Kd6 49. Bg4 Nd7 50. Bxd7 Kxd7 51. Be3 a6 52. a4 Ke6 53. Kd4
Bb8 54. Kd3 Kf5 55. c4 Bf4 56. cxd5 Bxe3 57. Kxe3 cxd5 58. b4 Ke5 59. b5 axb5
60. axb5 d4+ 61. Kd3 Kd5 62. b6 Kc6 63. Kxd4 Kxb6 64. Ke5 Kc7 65. Kd5 Kd7 66.
Ke5 Kc6 67. Ke4 Kd6 68. Kd4 Kc6 69. Kc4 Kd6 70. Kd4 1/2-1/2

[Event "Bayern-chTT (RL Nord-Ost)"]
[Site "Bayern 2008/09"]
[Date "2009.01.18"]
[Round "5.1"]
[White "Palek, Miroslav"]
[Black "Orsag, Milan"]
[Result "1/2-1/2"]
[WhiteElo "2133"]
[BlackElo "2391"]
[PlyCount "141"]
[EventDate "2009.03.??"]
[EventType "team-tourn"]
[EventRounds "9"]
[WhiteTeam "Dietfurt 1"]
[BlackTeam "Forchheim 2"]

1. e4 c5 2. Nf3 e6 3. d3 Nc6 4. g3 g6 5. Bg2 Bg7 6. O-O Nge7 7. Nc3 O-O 8. Be3
Nd4 9. Ne2 Nec6 10. c3 Nxf3+ 11. Bxf3 b6 12. Bg2 Ba6 13. Qc2 Rc8 14. Rad1 d5
15. Qa4 Bb7 16. exd5 exd5 17. d4 c4 18. Nf4 Na5 19. h4 a6 20. Bh3 b5 21. Qc2
Rc7 22. Ng2 Bc8 23. Bg5 f6 24. Bxc8 Rxc8 25. Bf4 Qd7 26. Rfe1 Rfe8 27. Qd2 Nc6
28. Bh6 Ne7 29. Bxg7 Kxg7 30. Nf4 Nf5 31. Rxe8 Rxe8 32. Re1 Rxe1+ 33. Qxe1 Kf7
34. Qe2 Ne7 35. Kg2 a5 36. a3 Qd6 37. Kg1 Nf5 38. Qf3 Ne7 39. Qe2 Qd7 40. Kg2
Qf5 41. Qf3 h6 42. Ne2 Qxf3+ 43. Kxf3 Ke6 44. Nf4+ Kd6 45. Ng2 b4 46. axb4 axb4
47. Ne3 b3 48. Kf4 Nc6 49. Nd1 Ke6 50. g4 h5 51. f3 Ne7 52. Ne3 g5+ 53. Kg3
hxg4 54. Kxg4 gxh4 55. Kxh4 Nc6 56. Nd1 Na7 57. Kg4 Nb5 58. Kf4 Nd6 59. Ne3 Nf7
60. Nd1 Nh8 61. Kg4 Ng6 62. Ne3 Ne7 63. Kf4 Kf7 64. Nf5 Nc6 65. Ne3 Nxd4 66.
Nxd5 Nb5 67. Ne3 Nxc3 68. Nxc4 Na4 69. Nd2 Nxb2 70. Nxb3 Nd3+ 71. Ke4 1/2-1/2

[Event "Bayern-chTT (RL Nord-Ost)"]
[Site "Bayern 2008/09"]
[Date "2009.01.18"]
[Round "5.2"]
[White "Lang, Stefan(01.66)"]
[Black "Blodig, Reinhard"]
[Result "1-0"]
[WhiteElo "2182"]
[BlackElo "2067"]
[PlyCount "117"]
[EventDate "2009.03.??"]
[EventType "team-tourn"]
[EventRounds "9"]
[WhiteTeam "Forchheim 2"]
[BlackTeam "Dietfurt 1"]

1. Nf3 g6 2. e4 d6 3. Bc4 Nf6 4. Qe2 Bg7 5. d4 d5 6. exd5 Nxd5 7. O-O O-O 8.
Re1 Nc6 9. c3 Re8 10. Ng5 e6 11. Qf3 Rf8 12. Ne4 b6 13. Na3 a6 14. Bd2 Bb7 15.
Qh3 Nce7 16. Rad1 Bc8 17. Qf3 Ra7 18. Bb3 b5 19. Bg5 c6 20. Bxd5 Qxd5 21. Bxe7
Rxe7 22. Nf6+ Bxf6 23. Qxf6 Qd8 24. Nc2 Ra7 25. Qf4 Qc7 26. Qe3 a5 27. Na1 Rd8
28. Nb3 Qd6 29. Nc5 Qe7 30. Qf3 Rd5 31. Re3 Rc7 32. g3 Kg7 33. Rde1 Qf6 34. Qe2
Qd8 35. h4 h6 36. Re5 Re7 37. Qf3 Ra7 38. Nd3 b4 39. Nf4 Rd6 40. Qe3 bxc3 41.
bxc3 Rb7 42. Rc5 Rb5 43. Rxb5 cxb5 44. Qe5+ Kg8 45. Qxb5 Bd7 46. Qe5 Bc6 47. c4
Bb7 48. d5 exd5 49. cxd5 g5 50. hxg5 hxg5 51. Nh5 Rg6 52. Rd1 Kh7 53. g4 Qd6
54. Qe4 Kg8 55. Qd4 Bc8 56. Re1 Bd7 57. Rb1 Bc6 58. Rb6 Qxd5 59. Rb8+ 1-0

[Event "Bayern-chTT (RL Nord-Ost)"]
[Site "Bayern 2008/09"]
[Date "2009.01.18"]
[Round "5.3"]
[White "Palkova, Katerina"]
[Black "Burggraf, Michael"]
[Result "1-0"]
[WhiteElo "2036"]
[BlackElo "2121"]
[PlyCount "61"]
[EventDate "2009.03.??"]
[EventType "team-tourn"]
[EventRounds "9"]
[WhiteTeam "Dietfurt 1"]
[BlackTeam "Forchheim 2"]

1. e4 c6 2. d4 d5 3. Nc3 dxe4 4. Nxe4 Nd7 5. Nf3 Ngf6 6. Ng3 g6 7. Bd3 Bg7 8.
O-O O-O 9. Bg5 c5 10. c3 cxd4 11. cxd4 Nb6 12. h3 Be6 13. b3 Rc8 14. Qd2 Qd5
15. Rfe1 Rfe8 16. Bh6 Rc7 17. Bf4 Rcc8 18. Re5 Qd8 19. Bh6 Qd6 20. Rae1 Bd5 21.
Bxg7 Kxg7 22. Nh4 Kh8 23. Qg5 Ng8 24. Qf4 f6 25. Nxg6+ hxg6 26. Bxg6 fxe5 27.
Qh4+ Kg7 28. Qh7+ Kf8 29. Nh5 Qf6 30. dxe5 Rc1 31. exf6 1-0

[Event "Bayern-chTT (RL Nord-Ost)"]
[Site "Bayern 2008/09"]
[Date "2009.01.18"]
[Round "5.4"]
[White "Staeblein, Christoph"]
[Black "Blodig, Stefan"]
[Result "0-1"]
[WhiteElo "2121"]
[BlackElo "2005"]
[PlyCount "92"]
[EventDate "2009.03.??"]
[EventType "team-tourn"]
[EventRounds "9"]
[WhiteTeam "Forchheim 2"]
[BlackTeam "Dietfurt 1"]

1. d4 d5 2. Nf3 Nf6 3. c4 e6 4. g3 c5 5. cxd5 exd5 6. Bg2 Be7 7. O-O O-O 8. Nc3
h6 9. Be3 c4 10. Ne5 Nc6 11. b3 Bb4 12. Qc2 Qa5 13. Nxc6 bxc6 14. Bd2 Ba6 15.
bxc4 Bxc4 16. a3 Bxc3 17. Bxc3 Qc7 18. Rfe1 Rfe8 19. Bd2 Qb6 20. Rab1 Qa6 21.
Qf5 Bxe2 22. Bxh6 Bd3 23. Qg5 Bg6 24. Bf1 Qxa3 25. Ra1 Qf8 26. Qh4 Rxe1 27.
Rxe1 Qb4 28. Rc1 Ne4 29. Be3 Qd6 30. Ba6 Qa3 31. Bb7 Rb8 32. Bxc6 Nc3 33. Qg4
Qa6 34. Rxc3 Rb1+ 35. Rc1 Rxc1+ 36. Bxc1 Qxc6 37. Qf4 a5 38. Qb8+ Kh7 39. Qb2
a4 40. Bd2 Qc4 41. Qc3 Qe2 42. Qe3 Qd1+ 43. Qe1 Qc2 44. Bc1 Be4 45. Qd2 Qb3 46.
f3 Qxf3 0-1

[Event "Bayern-chTT (RL Nord-Ost)"]
[Site "Bayern 2008/09"]
[Date "2009.01.18"]
[Round "5.5"]
[White "Bader, Dominic"]
[Black "Berreth, Marc"]
[Result "0-1"]
[WhiteElo "1936"]
[BlackElo "2013"]
[PlyCount "48"]
[EventDate "2009.03.??"]
[EventType "team-tourn"]
[EventRounds "9"]
[WhiteTeam "Dietfurt 1"]
[BlackTeam "Forchheim 2"]

1. e4 e6 2. Nc3 d5 3. Nf3 Nf6 4. e5 Nfd7 5. d4 c5 6. dxc5 Bxc5 7. Bd3 Nc6 8.
Bf4 Be7 9. Bg3 O-O 10. Qe2 Nc5 11. O-O-O Qa5 12. a3 Rb8 13. h4 Nxd3+ 14. Qxd3
b5 15. Ng5 g6 16. Nxd5 exd5 17. e6 Bxe6 18. Nxe6 fxe6 19. Bxb8 Rxb8 20. b4 Nxb4
21. axb4 Bxb4 22. Qb3 Bc3 23. Rd3 Rc8 24. Rhh3 Qa1+ 0-1

[Event "Bayern-chTT (RL Nord-Ost)"]
[Site "Bayern 2008/09"]
[Date "2009.01.18"]
[Round "5.6"]
[White "Mons, Leon"]
[Black "Blodig, Carolin"]
[Result "1/2-1/2"]
[WhiteElo "2052"]
[BlackElo "1915"]
[PlyCount "86"]
[EventDate "2009.03.??"]
[EventType "team-tourn"]
[EventRounds "9"]
[WhiteTeam "Forchheim 2"]
[BlackTeam "Dietfurt 1"]

1. e4 c5 2. Nf3 Nc6 3. d4 cxd4 4. Nxd4 Nf6 5. Nc3 e5 6. Ndb5 d6 7. Bg5 a6 8.
Na3 b5 9. Nd5 Be7 10. Bxf6 Bxf6 11. c4 b4 12. Nc2 a5 13. Be2 O-O 14. O-O Kh8
15. Qd3 Bg5 16. Bf3 Rb8 17. Rad1 f5 18. Nde3 Rf6 19. Nxf5 Bxf5 20. exf5 Qd7 21.
Bd5 Rd8 22. Qe4 Ne7 23. Be6 Qe8 24. Ne3 g6 25. Nd5 Nxd5 26. cxd5 gxf5 27. Bxf5
Qh5 28. Be6 Rdf8 29. g3 Rxf2 30. Rxf2 Qxd1+ 31. Kg2 Rxf2+ 32. Kxf2 Qd2+ 33. Qe2
Be3+ 34. Kf1 Qxe2+ 35. Kxe2 Bg1 36. Bf5 a4 37. Bc2 b3 38. axb3 axb3 39. Bxb3
Bd4 40. Bc2 Bxb2 41. Kf3 Kg7 42. Kg4 h6 43. Be4 Bd4 1/2-1/2

[Event "Bayern-chTT (RL Nord-Ost)"]
[Site "Bayern 2008/09"]
[Date "2009.01.18"]
[Round "5.7"]
[White "Blodig, Christoph"]
[Black "Schulze, Harald(61)"]
[Result "1-0"]
[WhiteElo "1858"]
[BlackElo "2108"]
[PlyCount "80"]
[EventDate "2009.03.??"]
[EventType "team-tourn"]
[EventRounds "9"]
[WhiteTeam "Dietfurt 1"]
[BlackTeam "Forchheim 2"]

1. e4 e6 2. d4 d5 3. e5 c5 4. c3 Nc6 5. Nf3 Bd7 6. a3 b5 7. b4 cxd4 8. cxd4 a5
9. Bg5 Qb8 10. bxa5 Nxa5 11. Nc3 Nc4 12. Bxc4 bxc4 13. Rb1 Qc8 14. a4 Ne7 15.
Nb5 Nc6 16. O-O h6 17. Bh4 Na5 18. Nd6+ Bxd6 19. exd6 O-O 20. Be7 Re8 21. Ne5
Nc6 22. Qh5 Nxe5 23. dxe5 Bxa4 24. Ra1 Qd7 25. Qg4 Bc2 26. Rxa8 Rxa8 27. h4 Bf5
28. Qg3 h5 29. Qg5 Bg6 30. g4 Kh7 31. gxh5 Bf5 32. h6 Rg8 33. Kh2 gxh6 34. Qf6
Rg6 35. Qxf7+ Rg7 36. Qf6 Qa7 37. Bf8 Rg4 38. Qe7+ Qxe7 39. Bxe7 Rg8 40. d7 d4
1-0

[Event "Bayern-chTT (RL Nord-Ost)"]
[Site "Bayern 2008/09"]
[Date "2009.01.18"]
[Round "5.8"]
[White "Schwab, Edgar"]
[Black "Egert, Stefan"]
[Result "1/2-1/2"]
[WhiteElo "1865"]
[BlackElo "1835"]
[PlyCount "71"]
[EventDate "2009.03.??"]
[EventType "team-tourn"]
[EventRounds "9"]
[WhiteTeam "Forchheim 2"]
[BlackTeam "Dietfurt 1"]

1. Nf3 Nf6 2. d4 c5 3. g3 e6 4. Bg2 Nc6 5. O-O d5 6. b3 Bd7 7. a4 Rc8 8. c3 Be7
9. dxc5 Bxc5 10. b4 Bd6 11. Nd4 a6 12. Nxc6 Bxc6 13. Qb3 b5 14. a5 O-O 15. Be3
Nd7 16. Nd2 Bb7 17. Rac1 Ne5 18. Qd1 Nc4 19. Nxc4 Rxc4 20. f4 Qe7 21. Qd2 Rfc8
22. Rfd1 Qc7 23. Bb6 Qc6 24. e4 Bxb4 25. exd5 exd5 26. Bxd5 Qxd5 27. Qxd5 Bxd5
28. Rxd5 Rxc3 29. Rcd1 Rc1 30. Rd8+ Rxd8 31. Rxc1 Ra8 32. Kf2 Kf8 33. Rc7 Ke8
34. Ke3 Bd6 35. Rb7 b4 36. Kd3 1/2-1/2